[Event "IRI-ch sf"]
[Site "Tehran"]
[Date "2005.08.05"]
[Round "3"]
[White "Mirzajani, Reza"]
[Black "Sheikhi, Mohammad"]
[Result "1-0"]
[WhiteElo "2102"]
[BlackElo "2211"]
[PlyCount "81"]
[EventDate "2005.08.03"]
[EventType "swiss"]
[EventRounds "9"]
[EventCountry "IRI"]
[SourceTitle "EXT 2006"]
[Source "ChessBase"]
[SourceDate "2005.11.24"]
[SourceVersion "1"]
[SourceVersionDate "2005.11.24"]
[SourceQuality "1"]

1. e4 c5 2. Nf3 e6 3. d4 cxd4 4. Nxd4 a6 5. g3 Nf6 6. Bg2 Qc7 7. 0-0 d6 8. Nc3 Be7 9. f4 Nc6 10. Kh1 Bd7 11. Be3 0-0 12. Nb3 b5 13. a3 Rad8 14. g4 Bc8 15. g5 Nd7 16. f5 Nce5 17. Qh5 Rfe8 18. f6 Bf8 19. Rf4 g6 20. Qh3 Bb7 21. Raf1 Nb6 22. Rh4 h5 23. Rff4 Bc8 24. Nd4 Nbc4 25. Rxh5 gxh5 26. Qxh5 Ng6 27. Rf3 e5 28. Nf5 Bxf5 29. Nd5 Bg4 30. Qxg4 Nxe3 31. Nxe3 d5 32. Nf5 dxe4 33. Rf1 Qxc2 34. Bxe4 Qc4 35. Ne3 Qd4 36. Bxg6 Qxe3 37. Qh5 fxg6 38. Qxg6+ Kh8 39. Qh5+ Kg8 40. f7+ Kg7 41. Qh6# 1-0

[Event "IRI-ch sf"]
[Site "Tehran"]
[Date "2005.08.03"]
[Round "1"]
[White "Mahjoob, Morteza"]
[Black "Sheikhi, Mohammad"]
[Result "1-0"]
[WhiteElo "2442"]
[BlackElo "2211"]
[PlyCount "51"]
[EventDate "2005.08.03"]
[EventType "swiss"]
[EventRounds "9"]
[EventCountry "IRI"]
[SourceTitle "EXT 2006"]
[Source "ChessBase"]
[SourceDate "2005.11.24"]
[SourceVersion "1"]
[SourceVersionDate "2005.11.24"]
[SourceQuality "1"]

1. Nf3 c5 2. c4 Nf6 3. Nc3 Nc6 4. g3 d5 5. d4 cxd4 6. Nxd4 e5 7. Nxc6 bxc6 8. Bg2 Bb4 9. cxd5 Nxd5 10. 0-0 Bxc3 11. bxc3 0-0 12. c4 Nb6 13. Ba3 Re8 14. Bxc6 Bh3 15. Qxd8 Rexd8 16. Rfc1 Rac8 17. Bb5 Rd2 18. c5 Nd5 19. Bd3 a5 20. c6 Nb4 21. Bxb4 axb4 22. c7 Rf8 23. Rc4 Rc8 24. g4 g6 25. f3 f5 26. Rcc1 1-0